| 000 | | | 03963nmc2a22000003x 450 |
| 001 | | | 9fbb8f1b-271a-4540-aa5f-a2532e85ad24 |
| 005 | | | 20210217134120.0 |
| 100 | ## | $a | 20190724l18851887k l0rusy0189 ca |
| 101 | 0# | $a | rus |
| 102 | ## | $a | RU |
| 200 | 1# | $a | Письмо архиепископа холмского и варшавского, Леонтия к Ивану Давыдовичу Делянову |
| | $j | 11 апреля 1885 г. - 3 апреля 1887 г. |
| 251 | ## | $c | Дело |
| 300 | ## | $a | Письма разных лиц к И.Д. Делянову |
| 801 | #0 | $a | RU |
| | $b | РГИА |
| | $c | 20190724 |
| | $g | RCR |
| 801 | #1 | $a | RU |
| | $b | ГлавНИВЦ |
| | $c | 20190724 |
| | $2 | rusmarc |
| 801 | #2 | $a | RU |
| | $b | ПБ им. Б.Н. Ельцина |
| | $c | 20210217 |
| | $g | RCR |
| | $2 | rusmarc |
| 850 | ## | $a | РГИА |
| 852 | ## | $a | РГИА |
| | $e | Федеральное казенное учреждение "Российский государственный исторический архив" (РГИА) |
| | $j | 468 |
| 937 | ## | $h | РГИА |
| | $d | 12276145 |
| | $a | ASBIBLIO_SCAN |
| 462 | #0 | $1 | 0013dfa799b-3a50-4673-b3be-8a348f2dcc4f |
| | $1 | 2001 |
| | $a | Личные, служебные и имущественные документы И. Д. Делянова. Переписка И. Д. Делянова и членов его семьи. Служебная переписка директора Департамента народного просвещения Н. М. Аничкова |
| | $1 | 251 |
| | $c | Опись |
| | $1 | 852 |
| | $j | 1 |
| 461 | #0 | $1 | 00199155341-bdc0-4986-8135-aafdb775052f |
| | $1 | 2001 |
| | $a | Делянов Иван Давыдович, граф, статс-секретарь, управляющий делами Секретного комитета о раскольниках, попечитель учебного округа, директор Публичной библиотеки, министр народного просвещения |
| | $1 | 251 |
| | $c | Фонд |
| | $1 | 852 |
| | $j | 1604 |
| 215 | ## | $a | 10 л. |
| | $d | 32х23 см |
| 371 | ## | $a | Документ не является опубликованным и широко распространяемым |
| 105 | ## | $a | y### |
| 122 | 2# | $a | d |
| 035 | ## | $a | 9fbb8f1b-271a-4540-aa5f-a2532e85ad24 |
| 856 | ## | $u | http://readingroom.main.prlib.ru/item.aspx?id_node=n157359085&mode=full |